000 00780nam a2200253Ia 4500
003 OSt
005 20220918170838.0
006 a|||||r|||| 00| 0
007 ta
008 220917b |||||||| |||| 00| 0 eng d
020 _a9780745330990
_c1846.58
024 _a289,254
037 _b134, 18/03/2016, Better Book Services
_cTextual
040 _aARTS
_cARTS
_beng
041 _2eng
_aeng
082 _aX:77, Q1
100 _aPanayotakis Costas
_931646
245 0 _aRemaking scarcity from capitalist inefficiency to economic democracy
260 _aLondon
_bPluto Press UK
_c2011
300 _axiv, 209p.
_ccm.
650 _aECONOMICS
942 _hX:77, Q1
_cTEXL
_2CC
999 _c136195
_d136195